Statistiche per Stazioni della linea Reggio Calabria-Catanzaro Lido

Clicka qui per fare il quiz!

Statistiche generali

  • Questo quiz è stato fatto 6 volte
  • Il punteggio medio è 15 su 31

Statistiche sulle risposte

Risposte% Corretto
Catanzaro Lido
83%
Reggio Calabria
Centrale
83%
Soverato
67%
Africo Nuovo
50%
Annà
50%
Badolato
50%
Bianco
50%
Bova Marina
50%
Brancaleone
50%
Caulonia
50%
Condofuri
50%
Locri
50%
Marina di San Lorenzo
50%
Melito di Porto Salvo
50%
Monasterace-Stilo
50%
Montepaone-
Montauro
50%
Motta San Giovanni-
Lazzaro
50%
Palizzi
50%
Reggio Calabria
Bocale
50%
Reggio Calabria
Pellaro
50%
Reggio Calabria
San Gregorio
50%
Roccella Jonica
50%
Saline di Reggio
50%
Siderno
50%
Squillace
50%
Ardore
33%
Bovalino
33%
Ferruzzano
33%
Gioiosa Jonica
33%
Guardavalle
33%
Reggio Calabria
Aeroporto
33%

Distribuzione punteggi

Percentile per numero di risposta

Percentuale di utenti per punteggio

I tuoi punteggi nel tempo

Non hai fatto questo quiz